000 00404nam a2200145Ia 4500
008 211118s9999||||xx |||||||||||||| ||und||
082 _a390
_bVIS-N
100 _aVishnu Namboodiri, M V
245 0 _aNaatoti Vijnaaneeyam
260 _bD c Books
_aKottayam
_c2000
300 _a376p.
630 _xGeneral Stack
650 _aMalayalam Literature
_vcustoms,etiquette and folkloreGeneralia
942 _cBOOK
999 _c97755
_d97755